[Event "Let's Play Chess!"]
[Site "http://www.queenalice.com/game.php?id=1145688"]
[Date "2013.1.27"]
[Round "-"]
[White "blourenco"]
[Black "lida"]
[Result "0-1"]
[WhiteElo "1097"]
[BlackElo "2166"]

1. e4 e5 2. Nh3 Nf6 3. Qf3 Nc6 4. g4 Nd4 5. Qc3 Nxe4 6. Qd3 d5 7. c3 Nc5 8. Qg3
Nc2+ 9. Kd1 Nxa1 10. Qxe5+ Be6 11. b4 Ne4 12. Bb2 Qd7 13. Bxa1 O-O-O 14. c4
Bxg4+ 15. Kc1 Bxh3 16. cxd5 Nxf2 17. Bxh3 Nxh3 18. Qd4 Kb8 19. Rf1 Qb5 20. Qh4
Qxf1+ 21. Kc2 Qf5+ 22. d3 Bd6 23. Bxg7 Rhe8 24. Nc3 Bxb4 25. Qxb4 Qf2+ 26. Kb3
Qb6 27. Ne4 Qxb4+ 28. Kxb4 Nf4 29. Nf6 Nxd5+ 30. Kc4 Nxf6 31. Bxf6 Rd6 32. Kc5
Rxf6 33. a4 Rf4 34. a5 Re5# 0-1

[Event "Let's Play Chess!"]
[Site "http://www.queenalice.com/game.php?id=1145690"]
[Date "2013.1.27"]
[Round "-"]
[White "lida"]
[Black "blourenco"]
[Result "1-0"]
[WhiteElo "2165"]
[BlackElo "1110"]

1. e4 Nf6 2. Nc3 e6 3. d4 h5 4. Bg5 c6 5. e5 Qa5 6. Bd2 Ng4 7. Nf3 b5 8. Bd3 b4
9. Ne4 Ba6 10. Qe2 Bxd3 11. Qxd3 f6 12. h3 Nh6 13. exf6 gxf6 14. Nxf6+ Kf7 15.
Ne4 Rg8 16. O-O d5 17. Neg5+ Rxg5 18. Nxg5+ Ke8 19. Qg6+ Nf7 20. Qxf7+ Kd8 21.
Nxe6+ Kc8 22. Qxf8+ Kd7 23. Nc5+ Kc7 24. Bf4+ Kb6 25. a3 bxa3 26. Rxa3 Qb4 27.
Rb3 Qxb3 28. cxb3 a5 29. Bxb8 Rxb8 30. Qxb8# 1-0

[Event "Let's Play Chess!"]
[Site "http://www.queenalice.com/game.php?id=1145691"]
[Date "2013.1.27"]
[Round "-"]
[White "blourenco"]
[Black "Flamengo_Brasil"]
[Result "0-1"]
[WhiteElo "1118"]
[BlackElo "2212"]

1. e4 e5 2. Nh3 d5 3. Qf3 dxe4 4. Qxe4 Bd6 5. d4 Nf6 6. Qh4 exd4 7. Qxd4 Bxh3 8.
gxh3 O-O 9. Nc3 Nc6 10. Qh4 Nb4 11. Bd3 Nxd3+ 12. cxd3 Re8+ 13. Be3 Bc5 14. O-O
Bxe3 15. fxe3 Rxe3 16. Ne4 Nxe4 17. Qxd8+ Rxd8 18. dxe4 Rxe4 19. Rac1 Re7 20. h4
Kf8 21. h5 c6 22. Rc5 Rd2 23. Rb1 Ree2 24. Ra5 Rg2+ 25. Kh1 Rxh2+ 26. Kg1 a6 27.
Re5 Rdg2+ 28. Kf1 Rf2+ 29. Kg1 Rhg2+ 30. Kh1 Rxb2 31. Rd1 Rh2+ 32. Kg1 g6 33.
Rd8+ Kg7 34. Rg5 Rxa2 35. Rb8 Rhb2 36. Rg2 Rxg2+ 0-1

[Event "Challenge"]
[Site "http://www.queenalice.com/game.php?id=1148020"]
[Date "2013.2.1"]
[Round "-"]
[White "Ruusgugg"]
[Black "blourenco"]
[Result "0-1"]
[WhiteElo "1288"]
[BlackElo "1129"]

1. d4 g6 2. e3 Nc6 3. Qf3 e6 4. Ne2 Bb4+ 5. c3 Ba5 6. d5 exd5 7. Qxd5 g5 8. Qe4+
Nce7 9. Qe5 f6 10. Qxa5 b6 11. Qb5 Ng6 12. Nd4 Ne5 13. Qd5 c6 14. Qe4 Nh6 15.
Be2 O-O 16. O-O d5 17. Qc2 c5 18. Nb5 Bf5 19. Qd1 c4 20. b3 a6 21. Nd4 Be4 22.
Nd2 Bg6 23. bxc4 dxc4 24. Rb1 g4 25. Ne6 Qd6 26. Nf4 Be8 27. f3 gxf3 28. gxf3
Nd3 29. Nxc4 Qd7 30. Bxd3 Qg7+ 31. Ng2 Rd8 32. Rxb6 Bb5 33. Rd6 Rxd6 34. Nxd6
Bxd3 35. Qxd3 Rd8 36. Ba3 Nf7 37. Qd5 Rd7 38. Qa8+ Rd8 39. Nc8 Ne5 40. f4 Nc4
41. Bb4 Nxe3 42. Rf2 Rd1+ 43. Rf1 Rxf1# 0-1

[Event "chess game"]
[Site "http://www.queenalice.com/game.php?id=1149771"]
[Date "2013.2.8"]
[Round "-"]
[White "BrianConklin"]
[Black "blourenco"]
[Result "0-1"]
[WhiteElo "1256"]
[BlackElo "1199"]

1. e4 d5 2. Nc3 Nc6 3. Bb5 Be6 4. Nf3 Qd7 5. O-O Bg4 6. b3 dxe4 7. Bxc6 bxc6 8.
Nxe4 Qe6 9. d3 f5 10. Nc5 Qd6 11. Nb7 Qb4 12. Bd2 Qxb7 13. h3 Bh5 14. Re1 g5 15.
Bxg5 O-O-O 16. Bxe7 Bxe7 17. Qd2 Nf6 18. Rxe7 Rhg8 19. Qh6 Bxf3 20. c4 Rxg2+ 21.
Kf1 Rg6 22. Qh4 Qb4 23. Qf4 Bg2+ 24. Ke2 Qxe7+ 0-1

[Event "Let's Play Chess!"]
[Site "http://www.queenalice.com/game.php?id=1156016"]
[Date "2013.2.27"]
[Round "-"]
[White "blourenco"]
[Black "kre"]
[Result "0-1"]
[WhiteElo "1214"]
[BlackElo "1672"]

1. e4 e5 2. Qf3 Nf6 3. g4 d6 4. h3 h6 5. Bb5+ c6 6. Ba4 Be7 7. h4 Bxg4 8. Qg3
O-O 9. d3 Qa5+ 10. Nc3 Nbd7 11. Nf3 b5 12. Bb3 b4 13. Na4 c5 14. Nd2 Qc7 15. f3
Be6 16. Rg1 g6 17. Bxe6 Rfb8 18. Bxf7+ Kxf7 19. Qxg6+ Kf8 20. Qxh6+ Ke8 21. Nc4
Bf8 22. Qg6+ Kd8 23. Qf7 Qc6 24. b3 Kc7 25. Rg6 Nh5 26. Nxe5 Qb5 27. Nc3 Qb7 28.
Nxd7 Kc8 29. Qxf8+ Kxd7 30. Qf5+ Kc6 31. Qd5+ Kb6 32. Na4+ Kb5 33. Qxc5+ dxc5
0-1

[Event "Let's Play Chess!"]
[Site "http://www.queenalice.com/game.php?id=1156017"]
[Date "2013.2.27"]
[Round "-"]
[White "kre"]
[Black "blourenco"]
[Result "1-0"]
[WhiteElo "1652"]
[BlackElo "1175"]

1. e4 g5 2. d3 e6 3. h3 Qf6 4. Nf3 h6 5. Be2 d5 6. exd5 exd5 7. Be3 Qxb2 8. Nbd2
Qb4 9. a3 Qd6 10. O-O g4 11. hxg4 Bxg4 12. Nh2 Bxe2 13. Qxe2 Qe6 14. d4 Nc6 15.
f4 Nxd4 16. Qd3 Bc5 17. Bxd4 Bd6 18. Rfe1 Be5 19. Rxe5 Qxe5 20. Bxe5 f6 21. Bxc7
Kd7 22. Ba5 b6 23. Qxd5+ Ke8 24. Re1+ Ne7 25. Qe4 Rd8 26. Qxe7# 1-0

[Event "Let's Play Chess!"]
[Site "http://www.queenalice.com/game.php?id=1156946"]
[Date "2013.3.2"]
[Round "-"]
[White "blourenco"]
[Black "spawnwolfwolverine"]
[Result "1-0"]
[WhiteElo "1151"]
[BlackElo "1679"]

1. d4 d5 2. Bg5 f6 3. Bh4 g5 4. Bg3 h5 5. h4 g4 6. Qd3 f5 7. Qc3 Na6 8. Be5 Rh6
9. b4 e6 10. b5 Nb8 11. Bxc7 Qd7 12. e3 b6 13. f3 Bd6 14. Bxd6 Qxd6 15. Qxc8+
Qd8 16. Qb7 Nd7 17. Qc6 Qc8 18. fxg4 fxg4 19. Bd3 Qxc6 20. bxc6 Ndf6 21. Bb5 Kd8
22. Ne2 Ne4 23. O-O Kc7 24. Rf7+ Kd6 25. Rd7# 1-0

[Event "Let's Play Chess!"]
[Site "http://www.queenalice.com/game.php?id=1156947"]
[Date "2013.3.2"]
[Round "-"]
[White "digger"]
[Black "blourenco"]
[Result "1-0"]
[WhiteElo "1669"]
[BlackElo "1173"]

1. e4 d5 2. e5 h5 3. d4 Bg4 4. f3 Bf5 5. Bf4 c5 6. dxc5 Qa5+ 7. c3 d4 8. Qxd4
Nc6 9. Qe3 e6 10. Nd2 Bxc5 11. Qe2 Qb6 12. Nh3 Qxb2 13. Qd1 Qxc3 14. Rc1 Qd4 15.
Nb3 Qb4+ 16. Nd2 Bxh3 17. gxh3 Qb6 18. Ne4 Rd8 19. Qe2 Bb4+ 20. Bd2 Ba3 21. Rd1
Nd4 22. Qd3 Nb5 23. Qxb5+ Qc6 24. Qxc6+ bxc6 25. f4 Rd4 26. Nf2 Ne7 27. Bg2 Rh6
28. h4 Rg6 29. Be4 f5 30. Bf3 Bc5 31. Bxh5 Kf8 32. Bxg6 Nxg6 33. Rg1 Nxh4 34.
Rg3 1-0

[Event "Let's Play Chess!"]
[Site "http://www.queenalice.com/game.php?id=1157885"]
[Date "2013.3.5"]
[Round "-"]
[White "dimitridruloza2012"]
[Black "blourenco"]
[Result "1-0"]
[WhiteElo "1437"]
[BlackElo "1181"]

1. e4 d5 2. exd5 Qxd5 3. d4 Qe4+ 4. Be3 e5 5. Bd3 Qd5 6. Nc3 Qa5 7. Nf3 Bg4 8.
Qd2 Qb4 9. Nxe5 Qxb2 10. Nxg4 Qxa1+ 11. Nd1 h5 12. Ne5 Rh6 13. Bxh6 Nxh6 14. O-O
Qxd4 15. Re1 Be7 16. g3 h4 17. Nc3 hxg3 18. hxg3 Na6 19. Bb5+ c6 20. Bxc6+ bxc6
21. Qxd4 Nf5 22. Qd7+ Kf8 23. Qxf5 g6 24. Qxf7# 1-0

[Event "Challenge"]
[Site "http://www.queenalice.com/game.php?id=1159235"]
[Date "2013.3.8"]
[Round "-"]
[White "blourenco"]
[Black "Rodrigosm"]
[Result "0-1"]
[WhiteElo "1217"]
[BlackElo "1532"]

1. e4 e5 2. d3 Nf6 3. g4 d6 4. h3 Nc6 5. g5 Nd7 6. Nf3 Nb4 7. g6 hxg6 8. h4 f6
9. Bd2 Nc6 10. b4 g5 11. Nc3 Nb6 12. a4 Nxb4 13. a5 Nd7 14. Ra4 Na6 15. Nd5 Ndc5
16. Rc4 Bg4 17. Qb1 Bxf3 18. Rh3 g4 19. Rg3 Rxh4 20. Qb5+ c6 21. Qb3 Nxb3 0-1

[Event "Jogo 1"]
[Site "http://www.queenalice.com/game.php?id=1246499"]
[Date "2014.1.9"]
[Round "-"]
[White "thiagobh"]
[Black "blourenco"]
[Result "0-1"]
[WhiteElo "1100"]
[BlackElo "1222"]

1. Nf3 d5 2. g3 Nf6 3. Bg2 e6 4. O-O Bd6 5. d3 O-O 6. Nbd2 b6 7. Re1 e5 8. e4
Bc5 9. h3 Nh5 10. Kh2 Bxf2 11. Re2 Bxg3+ 12. Kg1 dxe4 13. Nxe4 Bf4 14. Bxf4 Nxf4
15. Nf2 Qf6 16. Rxe5 Qg6 17. Rg5 Qc6 18. Qd2 f6 19. Nd4 Qe8 20. Rb5 Nxg2 21.
Kxg2 Qg6+ 22. Kf1 Bb7 23. Re1 Qg2+ 24. Ke2 Re8+ 25. Kd1 Rd8 26. Ne6 Bf3+ 27. Kc1
Nc6 28. Nxd8 Rxd8 29. Rb3 a5 30. Rc3 Bd5 31. d4 Nb4 32. Rxc7 Nxa2+ 33. Kb1 Qg3
34. Rce7 Rc8 35. R1e3 Qg5 36. Rd7 Nb4 37. c3 Qf5+ 38. Ka1 Nc2+ 39. Kb1 Nxe3+ 40.
Kc1 Nc4 41. Re7 Nxd2 0-1

[Event "Let's Play Chess!"]
[Site "http://www.queenalice.com/game.php?id=1248070"]
[Date "2014.1.15"]
[Round "-"]
[White "blourenco"]
[Black "Taurus"]
[Result "0-1"]
[WhiteElo "1231"]
[BlackElo "2144"]

1. e4 c5 2. Nf3 d6 3. Bb5+ Nc6 4. O-O Bg4 5. c3 a6 6. Bxc6+ bxc6 7. Qa4 Qc8 8.
h3 Bxf3 9. gxf3 e5 10. d4 cxd4 11. cxd4 exd4 12. Qxd4 Qxh3 13. Nd2 Rd8 14. Qc4
Qc8 15. Nb3 Be7 16. Na5 c5 17. b4 Nf6 18. b5 axb5 19. Qxb5+ Rd7 20. Re1 O-O 21.
Nc6 Re8 22. Nb8 Rb7 23. Qc6 Qxb8 24. Qa4 Qc8 25. e5 Nd7 26. exd6 Bxd6 27. Qd1
Rxe1+ 28. Qxe1 Be5 29. Qf1 Bxa1 30. Qg2 Rb6 31. Qg4 Rg6 32. Bg5 Nb6 33. Qh5 Qf5
34. Qg4 Rxg5 35. Qxg5 Qxg5+ 36. Kf1 Qf4 37. Ke2 Nc4 38. Kd1 Qxf3+ 39. Kc2 Qc3+
40. Kb1 Qb2# 0-1

[Event "Let's Play Chess!"]
[Site "http://www.queenalice.com/game.php?id=1248071"]
[Date "2014.1.15"]
[Round "-"]
[White "Taurus"]
[Black "blourenco"]
[Result "1-0"]
[WhiteElo "2129"]
[BlackElo "1233"]

1. d4 e6 2. e4 Nf6 3. e5 Nd5 4. c4 Nb6 5. a3 Qh4 6. Nc3 Nc6 7. Nf3 Qh5 8. Be2
Qg6 9. Nh4 Nxd4 10. Nxg6 hxg6 11. Qxd4 c5 12. Qe4 f5 13. exf6 gxf6 14. Nb5 Kd8
15. Bf4 Rh4 16. Bc7+ Ke8 17. Qxh4 1-0

[Event "Challenge"]
[Site "http://www.queenalice.com/game.php?id=1250395"]
[Date "2014.1.22"]
[Round "-"]
[White "blourenco"]
[Black "thiagobh"]
[Result "0-1"]
[WhiteElo "1231"]
[BlackElo "961"]

1. Nf3 c6 2. e4 d5 3. Bd3 dxe4 4. Bxe4 e6 5. O-O Ne7 6. Ne5 Nd7 7. Nc4 Nf6 8. d3
Nf5 9. Re1 Nd6 10. Ne5 Nfxe4 11. dxe4 Be7 12. Qf3 Bf6 13. Ng4 Bd7 14. Rd1 Nb5
15. b3 Bxa1 16. a4 Nc7 17. c3 O-O 18. Qg3 Qe7 19. Nf6+ Qxf6 20. Rxd7 Rfd8 21. e5
Rxd7 22. h4 Qg6 23. Kh2 Qxg3+ 24. fxg3 Rd1 0-1

[Event "Challenge"]
[Site "http://www.queenalice.com/game.php?id=1251870"]
[Date "2014.1.28"]
[Round "-"]
[White "thiagobh"]
[Black "blourenco"]
[Result "1-0"]
[WhiteElo "1255"]
[BlackElo "1229"]

1. Nf3 Nc6 2. g3 d6 3. Bg2 Bf5 4. d3 Nb4 5. a3 Na6 6. O-O Qd7 7. Nbd2 O-O-O 8.
e4 Bg4 9. b4 g6 10. Bb2 e5 11. Bc3 Bh6 12. Nb3 Qc6 13. Qe1 f5 14. a4 b5 15. axb5
Qxb5 16. Ra5 Qb7 17. Qa1 Nxb4 18. Rxa7 Qb8 19. Ra8 Kb7 20. Rxb8+ Kxb8 21. Bxb4
Ne7 22. Qa6 c5 23. Ba5 Rd7 24. Bb6 Nc8 25. Qb5 Rb7 26. Ra1 Nxb6 27. Qa6 fxe4 28.
Na5 Bc8 29. Nxb7 Kc7 30. Rb1 Nd7 31. Bh3 exf3 32. Bxd7 Kxd7 33. Qxd6+ Ke8 34.
Qxe5+ Kf7 35. Qxh8 Bxb7 36. Rxb7+ Ke6 37. Qxh7 Bd2 38. Qxg6+ Kd5 39. Qe4+ Kd6
40. Qxf3 Bb4 41. Rb6+ Kc7 42. Qc6+ Kd8 43. Rb7 Ba5 44. Qd7# 1-0

[Event "Invitation"]
[Site "http://www.queenalice.com/game.php?id=1256204"]
[Date "2014.2.14"]
[Round "-"]
[White "jfrcorrea"]
[Black "blourenco"]
[Result "0-1"]
[WhiteElo "1513"]
[BlackElo "1229"]

1. e4 Nc6 2. Nc3 d6 3. Nf3 Nf6 4. Bc4 Bg4 5. h3 Bh5 6. g4 Bg6 7. d3 h5 8. Nh4
hxg4 9. hxg4 Qd7 10. g5 Bh5 11. f3 Nh7 12. Nf5 g6 13. Nd5 Ne5 14. Rh3 e6 15.
Nxc7+ Qxc7 16. Bb5+ Kd8 17. Nd4 Qc5 18. c3 a6 19. Qa4 Nxd3+ 20. Kd1 Nf2+ 21. Ke1
Nxh3 22. b4 Qxc3+ 23. Bd2 Qxa1+ 24. Ke2 Qxd4 25. Be8 b5 26. Bxb5 Ng1+ 27. Kd1
Bxf3+ 28. Kc2 Rc8+ 29. Kb3 Bd1+ 30. Ka3 Bxa4 31. Kxa4 Qxd2 32. Bxa6 Ra8 33. Kb5
Qd3+ 34. Kb6 Qxa6# 0-1

[Event "revanche!"]
[Site "http://www.queenalice.com/game.php?id=1257573"]
[Date "2014.2.17"]
[Round "-"]
[White "jfrcorrea"]
[Black "blourenco"]
[Result "1-0"]
[WhiteElo "1451"]
[BlackElo "1256"]

1. e4 d6 2. Bc4 Nf6 3. Nc3 Ng4 4. Nf3 e6 5. d3 h6 6. h3 Ne5 7. Bf4 Nxf3+ 8. Qxf3
Nc6 9. O-O-O Nd4 10. Qe3 e5 11. Bg3 Be7 12. Qf3 Nxf3 13. gxf3 Bg5+ 14. Kb1 O-O
15. h4 Bf6 16. f4 c6 17. fxe5 Bxe5 18. Bxe5 dxe5 19. Rdf1 a5 20. a4 g5 21. hxg5
hxg5 22. Rhg1 Qf6 23. f3 b5 24. axb5 a4 25. bxc6 Qxc6 26. Rxg5+ Kh7 27. Rh1+ Qh6
28. Rxh6+ Kxh6 29. Rxe5 Bd7 30. Re7 Bc6 31. Bxf7 Rfb8 32. Re6+ Kg7 33. Rxc6 a3
34. Bd5 Ra7 35. Bb3 Rh8 36. bxa3 Rh1+ 37. Kb2 Rh3 38. f4 Rd7 39. Be6 Rb7+ 40.
Kc1 Kf8 41. Bxh3 1-0

[Event "Finalíssima!"]
[Site "http://www.queenalice.com/game.php?id=1258310"]
[Date "2014.2.20"]
[Round "-"]
[White "blourenco"]
[Black "jfrcorrea"]
[Result "0-1"]
[WhiteElo "1256"]
[BlackElo "1508"]

1. c3 d5 2. Qa4+ c6 3. Nf3 Nf6 4. h4 Bg4 5. Qb4 Qb6 6. Qf4 Nbd7 7. Nh2 e5 8. Qa4
h5 9. f3 Nc5 10. Qb4 Nd3+ 11. exd3 Bxb4 12. fxg4 Bc5 13. b4 Bf2+ 14. Ke2 Bxh4
15. Nf3 Qf2+ 16. Kd1 hxg4 17. Nxe5 Qe1+ 18. Kc2 Qxe5 19. g3 Qxg3 20. d4 O-O-O
21. b5 cxb5 22. Bxb5 a6 23. Ba4 Ne4 24. Rf1 Nf2 25. Ba3 Qd3+ 0-1

[Event "Challenge"]
[Site "http://www.queenalice.com/game.php?id=1260604"]
[Date "2014.2.28"]
[Round "-"]
[White "thiagobh"]
[Black "blourenco"]
[Result "0-1"]
[WhiteElo "1447"]
[BlackElo "1266"]

1. Nf3 d5 2. g3 c6 3. Bg2 Nf6 4. O-O Qb6 5. d4 c5 6. c3 Bf5 7. Bg5 Ne4 8. Qb3 e6
9. Qxb6 axb6 10. Na3 cxd4 11. cxd4 Bxa3 12. b3 O-O 13. Bc1 Bb4 14. Bb2 Rc8 15.
a3 Bc3 16. Rab1 Bd2 17. Rfd1 Bc3 18. Rdc1 Nd7 19. Bxc3 Rxc3 20. Rxc3 Nxc3 21.
Rb2 Rxa3 22. Nh4 Ra1+ 23. Bf1 Bh3 24. Ng2 Nb5 25. Rc2 Nxd4 26. Rc7 Nxe2+ 0-1

[Event "Challenge"]
[Site "http://www.queenalice.com/game.php?id=1264239"]
[Date "2014.3.12"]
[Round "-"]
[White "blourenco"]
[Black "thiagobh"]
[Result "0-1"]
[WhiteElo "1289"]
[BlackElo "1443"]

1. e4 c6 2. d3 d5 3. exd5 cxd5 4. d4 e6 5. Bb5+ Bd7 6. Qd3 a6 7. Bxd7+ Nxd7 8.
Nf3 Ne7 9. O-O Nf5 10. Qb3 Qb6 11. Qa4 Bd6 12. Nc3 O-O 13. Qxd7 Rad8 14. Qa4 Qc7
15. g4 Ne7 16. g5 f6 17. gxf6 Rxf6 18. Kg2 Rdf8 19. Ng5 Rg6 20. Kh1 Bxh2 21. Nf3
Rgf6 22. Nxh2 Qb8 23. Qd7 Rxf2 24. Rxf2 Rxf2 25. Bf4 Qxf4 26. Qxe6+ Kh8 27. Ng4
Qf3+ 28. Kg1 Qg2# 0-1